Nazwij Dowolny Kraj Graniczący - Statystyki

Ogólne statystyki
  • Ten quiz został rozwiązany 1 143 razy
  • Średni wynik to 13 z 15
Statystyki odpowiedzi
Kraj Kraje graniczące % Poprawnych
Hiszpania Andora | Francja | Maroko | Portugalia
99%
Słowacja Austria | Czechy | Polska | Ukraina | Węgry
98%
Korea Północna Chiny | Rosja | Korea Południowa
97%
Słowenia Austria | Chorwacja | Węgry | Włochy
96%
Gruzja Armenia | Azerbejdżan | Rosja | Turcja
95%
Wenezuela Brazylia | Gujana | Kolumbia
94%
Mjanma Bangladesz | Chiny | Indie | Laos | Tajlandia
92%
Nigeria Benin | Czad | Kamerun | Niger
92%
Kirgistan Chiny | Kazachstan | Tadżykistan | Uzbekistan
92%
Egipt Izrael | Libia | Sudan
91%
Erytrea Dżibuti | Etiopia | Sudan
84%
Haiti Dominikana
82%
Somalia Dżibuti | Etiopia | Kenia
82%
Nikaragua Honduras | Kostaryka
81%
Malawi Mozambik | Tanzania | Zambia
68%
Nie znaleziono quizów pasujących do podanych kryteriów
Rozkład punktacji
Procent ludzi z każdym wynikiem
Percentyl według liczby udzielonych odpowiedzi
Twoja historia wyników
Nie rozwiązałeś tego quizu